| 000 | 01326nam0a2200301 4500 | ||
|---|---|---|---|
| 001 | RU\NLR\BIBL_A\022263225 | ||
| 005 | 20250625180037.0 | ||
| 010 | _9500 | ||
| 035 | _a(NLR Aleph) 022263225 | ||
| 090 |
_a13322614 _c13322614 |
||
| 100 | _a20240626d1970 |||y0rusy50 ca | ||
| 101 | 0 | _adar | |
| 102 | _aRU | ||
| 105 | _ay z 000 y | ||
| 181 | 0 |
_ai _baxxe |
|
| 182 | 0 | _an | |
| 200 | 1 |
_aДарган мезла методика _eсинтаксис ва пунктуация _eIV-VIII классунала учительтас _fГI. Ш. ГIялиев _gДАССР-ла Просвещениела Министерство. Дагъиста школабала гIилму-ахтардила институт |
|
| 203 |
_aТекст _bвизуальный _cнепосредственный |
||
| 210 |
_aМахачкала _cДагучпедгиз _d1970 |
||
| 215 |
_a104 с. _cтабл. _d20 |
||
| 541 | 1 |
_6z01790 _aМетодика даргинского языка. _eсинтаксис и пунктуация _eдля учителей 4-8 кл. _zrus |
|
| 686 | 1 | _aЧ426.81 | |
| 700 | 1 |
_aГIялиев _bГI. Ш. _gГIяли Шахкеримович _4070 |
|
| 790 | 0 |
_6z01541 _aАлиев _bА. Ш. _gАли Шахкеримович _4070 |
|
| 852 |
_aNLR _bОНЛ _jДарг./3-547 |
||
| 942 | _cBOOK | ||
| 980 | _aNB | ||